000 01688nam a22002657a 4500
005 20240814173956.0
008 s1993 eng d
040 _aNALT
041 _aeng
245 1 0 _aThe National Assembly of the Kingdom of Thailand
260 3 _aBangkok :
_bSecretariat of the Senate,
_c1993
300 _a112 p. ;
_b 28 cm.
505 0 _aThe Thai National Assembly in the present day -- The King and the National Assembly -- The Relationship between the Legislative and -- the Executive Powers -- The Composition of the National Assembly -- Powers and Duties of the National Assembly -- The Principal organs of the National Assembly -- Legislative Proceedings -- Secretariat of the National Assembly -- The Secretariat of the National Assembly -- Introduction -- The official units attached to the National Assembly -- List of the Members of the Thai National Assembly -- List of Members of the Senate -- List of the Standing Committees of the Senate -- List of Members of the House of Representatives -- List of the Standing Committees of the House -- of Representatives -- Appendix -- Data in brief of the National Assembly of Thailand.
650 0 4 _aHouse of Representatives -- Thailand -- Committees -- 1992
650 0 4 _aLegislative bodies -- Thailand
650 0 4 _aMembers of the Senate -- Thailand -- 1992
650 0 4 _aNational Assembly of Thailand
650 0 4 _aParliaments
650 0 4 _aSenate -- Thailand -- Committees -- 1992
650 0 4 _aThailand -- Constitutions -- Parliaments
850 _aNALT
942 _cLB
_2lcc
999 _c20796
_d20796
998 _j25
_k นีลวัสน์ อินทรักษา
090 _aKD211.1 S43N 1993